00983nam a2200241 a 450000100100000000500170001000800410002702000150006804000250008304100390010808200130014710000300016024000510019024501040024126000600034530000210040550000740042653400600050070000380056004900090059895201170060799900170072400002452520200930023223.0110128s1988 mx r 001 0 spa d a9681628101 aDO-SdBNPbspacBNPHU17aspaheng2Código de idiomas MARC ann*bnn*1 aKlein, Lawrence R.95025614aThe economics of supply and demand.lEspañol13aLa economía de la oferta y la demanda /cLawrence R. Klein ; traducción de Eduardo L. Suárez. aMéxico, D. F. :bFondo de Cultura Económica,c1988. a191 p. ;c21 cm. aIncluye referencias bibliográficas y notas al pie de las páginas. aTítulo original :tThe economics of supply and demand1 aSuárez, Eduardo L.,etr.950257 aBNGR 001054708MOaGRbGRcCTd2011-01-28iLF1l0onn* nn*p24525-10r2020-06-25w2020-06-25y4ZPréstamo en sala c24018d24018